Estadísticas para Siglo XIX

Haz click aquí para intentar la prueba.

Estadísticas generales

  • Esta prueba ha sido intentada 75 veces
  • La puntuación promedio es 13 de 20

Estadísticas de respuestas

AñoDescripciónRespuesta% Correcto
1889Esta torre se convierte en la estructura artificial más alta del mundoTorre {Eiffel}
90%
1869Este canal se construye en EgiptoCanal de Suez
89%
1815Napoleón sufre su derrota final en esta batallaBatalla de Waterloo
87%
1819Este "libertador" se convierte en el primer Presidente de la Gran ColombiaSimón Bolívar
87%
1839–1860China libra dos guerras con potencias occidentales por esta drogaOpio
86%
1837–1901
Esta reina gobierna el Imperio Británico durante la mayor parte del siglo
Reina Victoria
83%
1831Este naturalista inicia su famoso viaje en el HMS BeagleCharles Darwin
81%
1824Este compositor completa su novena y última sinfoníaLudwig van
Beethoven
81%
1865Este líder político es asesinado en el Teatro FordAbraham Lincoln
75%
1873Levi Strauss inventa este tipo de ropaVaqueros Azules
67%
1818Mary Shelley publica esta novela de terrorFrankenstein
65%
1803Estados Unidos compra este territorio a FranciaLuisiana
63%
1804Este país se independiza tras una revuelta de esclavosHaití
62%
1844"What hath God wrought" es el primer mensaje enviado utilizando esta nueva tecnologíaTelégrafo
62%
1836Esta efímera república declara su independencia de MéxicoTexas
57%
1877Este inventor patenta el fonógrafoThomas Edison
49%
1824Este poeta romántico muere mientras luchaba por la independencia de GreciaLord Byron
25%
1816–1828Este rey guerrero une a muchas tribus ZulúesShaka Zulu
21%
1825Este canal conecta los Grandes Lagos con el Océano AtlánticoCanal de Erie
17%
1865Edward Whymper lidera el primer grupo en escalar este pico suizoCervino
17%

Distribución de puntuación

Porcentaje por número respondido

Porcentaje de gente con cada puntuación

Historial de tus puntuaciones

No has intentado esta prueba.